<?xml version="1.0" encoding="UTF-8"?>
<collection xmlns="http://www.loc.gov/MARC21/slim">
    <record>
        <controlfield tag="001">30548</controlfield>
        <controlfield tag="005">20190426151833.0</controlfield>
        <datafield tag="037" ind1=" " ind2=" ">
            <subfield code="a">NORMAS-2014-102</subfield>
        </datafield>
        <datafield tag="245" ind1=" " ind2=" ">
            <subfield code="a">Régimen de dedicación docente y retribuciones de los cargos académicos y responsables de la gestión de los Departamentos, Centros e Institutos Universitarios de Investigación propios </subfield>
        </datafield>
        <datafield tag="260" ind1=" " ind2=" ">
            <subfield code="a">Zaragoza</subfield>
            <subfield code="b">Consejo de Gobierno de la Universidad de Zaragoza</subfield>
            <subfield code="c">2006-02-21</subfield>
        </datafield>
        <datafield tag="500" ind1=" " ind2=" ">
            <subfield code="a">Modificación 1: BOUZ 09-07 16/11/2007 Modificación 2: BOUZ 10-10 13/07/2010 Modificación 3: BOUZ 12-10 19/11/2010</subfield>
        </datafield>
        <datafield tag="650" ind1=" " ind2=" ">
            <subfield code="a">Unipersonales </subfield>
        </datafield>
        <datafield tag="650" ind1=" " ind2=" ">
            <subfield code="a">Retribución </subfield>
        </datafield>
        <datafield tag="650" ind1=" " ind2=" ">
            <subfield code="a">Cargos </subfield>
        </datafield>
        <datafield tag="650" ind1=" " ind2=" ">
            <subfield code="a">Reducción</subfield>
        </datafield>
        <datafield tag="650" ind1=" " ind2=" ">
            <subfield code="a">Encargo </subfield>
        </datafield>
        <datafield tag="653" ind1="1" ind2=" ">
            <subfield code="a">Órganos unipersonales</subfield>
        </datafield>
        <datafield tag="653" ind1="1" ind2=" ">
            <subfield code="a">Derogadas</subfield>
        </datafield>
        <datafield tag="700" ind1=" " ind2=" ">
            <subfield code="a">Consejo de Gobierno de la Universidad de Zaragoza</subfield>
        </datafield>
        <datafield tag="856" ind1="0" ind2=" ">
            <subfield code="f">secregen@unizar.es</subfield>
        </datafield>
        <datafield tag="856" ind1="4" ind2=" ">
            <subfield code="s">143724</subfield>
            <subfield code="u">http://zaguan.unizar.es/record/30548/files/norma_orgUnipersonalesIncentivosCargos_2006_modif3.pdf</subfield>
            <subfield code="y">Modificación 16/09/2010</subfield>
            <subfield code="z">4</subfield>
        </datafield>
        <datafield tag="856" ind1="4" ind2=" ">
            <subfield code="s">154945</subfield>
            <subfield code="u">http://zaguan.unizar.es/record/30548/files/norma_orgUnipersonalesIncentivosCargos_2006_modif2.pdf</subfield>
            <subfield code="y">Modificación 06/07/2010</subfield>
            <subfield code="z">3</subfield>
        </datafield>
        <datafield tag="856" ind1="4" ind2=" ">
            <subfield code="s">19910</subfield>
            <subfield code="u">http://zaguan.unizar.es/record/30548/files/norma_orgUnipersonalesIncentivosCargos_2006_modif1.pdf</subfield>
            <subfield code="y">Modificación 13/11/2007</subfield>
            <subfield code="z">2</subfield>
        </datafield>
        <datafield tag="856" ind1="4" ind2=" ">
            <subfield code="s">42638</subfield>
            <subfield code="u">http://zaguan.unizar.es/record/30548/files/norma_orgUnipersonalesIncentivosCargos_2006_original.pdf</subfield>
            <subfield code="y">Normativa</subfield>
            <subfield code="z">1</subfield>
        </datafield>
        <datafield tag="856" ind1="4" ind2=" ">
            <subfield code="s">64072</subfield>
            <subfield code="u">http://zaguan.unizar.es/record/30548/files/Modificaci%C3%B3n_reglamento_2018.pdf</subfield>
            <subfield code="y">Modificación_reglamento_2018</subfield>
            <subfield code="z">6</subfield>
        </datafield>
        <datafield tag="856" ind1="4" ind2=" ">
            <subfield code="s">72006</subfield>
            <subfield code="u">http://zaguan.unizar.es/record/30548/files/6.5.%20acuerdo%20modif%20regimen%20dedicac%20docente.pdf</subfield>
            <subfield code="y">Modificación 28/06/2017</subfield>
            <subfield code="z">6</subfield>
        </datafield>
        <datafield tag="856" ind1="4" ind2=" ">
            <subfield code="s">225760</subfield>
            <subfield code="u">http://zaguan.unizar.es/record/30548/files/Modificaci%C3%B3n_22_02_2019.pdf</subfield>
            <subfield code="y">Modificación_22_02_2019</subfield>
            <subfield code="z">7</subfield>
        </datafield>
        <datafield tag="920" ind1=" " ind2=" ">
            <subfield code="a">BOUZ 03-06 06/03/2006</subfield>
        </datafield>
        <datafield tag="980" ind1=" " ind2=" ">
            <subfield code="a">NORMAS</subfield>
        </datafield>
    </record>

    
</collection>